| 000 | 00526nam a2200217 a 4500 | ||
|---|---|---|---|
| 001 | 0001-1999 | ||
| 003 | ELIB.Books | ||
| 008 | 190528 2010 eng | ||
| 020 | _aKBTS | ||
| 092 |
_a236.9 _bToz |
||
| 100 | _aTozer, A.W. | ||
| 245 | _aPrepering for Jesus' Return | ||
| 260 |
_aVentura _bRegal _c2012 |
||
| 300 |
_a215 _c22 Cm |
||
| 650 | _aEschatology | ||
| 856 |
_nKBTS Library _uKBTS Elib |
||
| 942 |
_2ddc _cBK |
||
| 990 | _a1 | ||
| 998 |
_aEnglishbooks.elf _ccat _e2019-05-28 |
||
| 999 |
_c11999 _d11999 |
||